Thèmes des épisodes de 100 Génies-Saison 1 - Statistiques

Statistiques générales
  • Ce quiz a été pris 12 fois
  • Le résultat moyen est 6 sur 12
Statistiques - réponses
Thèmes % Correct
Le corps humain
64%
L'espace
64%
Les vacances
64%
H2O
55%
Halloween
55%
Les grandes inventions
55%
Les méchants
55%
L'argent
36%
Le Canada
36%
Les gagnants
36%
Les rivalités
36%
Dans nos écrans
27%
Aucun quiz correspondant
Distribution des résultats
% des personnes avec chaque résultat
Percentile par nombre de réponses
Votre historique - résultats
Vous n’avez pas pris ce quiz